000 00653nam a22001577a 4500
005 20250206170446.0
008 241024b |||||||| |||| 00| 0 eng d
100 _aSanchez, Rebecca Lee.
_eauthor.
_963465
245 _aKeepers of community :
_bthey step up, and make us better /
_cRebecca Lee Sanchez, and Andrea Bruce.
260 _aWashington ;
_bNational Geographic Partners, LLC.,
_cSeptember 2022.
300 _avolume 241, pages 64-81,
_billustration.
500 _aNational Geographic, v. 242, n. 3, pages 64-81, September 2022.
700 _aSanchez, Rebecca Lee.
_eauthor.
_963464
700 _aBruce, Andrea.
_eauthor.
_963466
942 _2ddc
_cPER
999 _c22916
_d22916